000 004830000a22001930004500
001 000337
003 MACL
005 20150911142808.0
008 150911b xxu||||| |||| 00| 0 eng d
040 _aMACL
_cMACL
041 _aEnglish
082 _a823/KEN
100 _aKent, Mohini
_910149
245 _aChief Longhooknose & Trader Jin
_cMohini Kent
260 _aNoida
_c1998
_bHarper Collins Publishers,
350 _a95
650 _aEnglish Fiction
_98886
942 _k823
_cBK
_2ddc
999 _c339
_d339